[Event "Condom 16th"]
[Site "Condom"]
[Date "2017.07.11"]
[Round "5"]
[White "Iwanesko, Alexandre"]
[Black "Laurent Paoli, Pierre"]
[Result "1/2-1/2"]
[WhiteElo "2232"]
[BlackElo "2290"]
[PlyCount "125"]
[EventDate "2017.07.08"]
[EventType "tourn"]
[EventRounds "9"]
[EventCountry "FRA"]
[EventCategory "4"]
[SourceTitle "EXT 2018"]
[Source "ChessBase"]
[SourceDate "2017.10.13"]
[SourceVersion "1"]
[SourceVersionDate "2017.10.13"]
[SourceQuality "1"]

1. e4 Nc6 2. Nf3 d6 3. d4 Nf6 4. Nc3 g6 5. Bg5 Bg7 6. Qd2 h6 7. Bh4 0-0 8. 0-0-0 a6 9. e5 dxe5 10. d5 Nd4 11. Nxd4 exd4 12. Qxd4 e6 13. Qc5 b6 14. Qc4 b5 15. Qc5 Qd6 16. Qxd6 cxd6 17. dxe6 Bxe6 18. Rxd6 Rfc8 19. Be2 g5 20. Bg3 b4 21. Na4 b3 22. axb3 Bxb3 23. Nc3 Ne4 24. cxb3 Bxc3 25. bxc3 Rxc3+ 26. Kb2 Rxg3 27. hxg3 Nxd6 28. Rxh6 Ne4 29. Bf3 Re8 30. Rxa6 Nxf2 31. b4 Rb8 32. Kc3 Kf8 33. Ra2 Nh1 34. g4 Ng3 35. Ra5 f6 36. b5 Ke7 37. Kb4 f5 38. Ra7+ Kd6 39. Rg7 fxg4 40. Bxg4 Ne4 41. Bf3 Nd2 42. Rg6+ Kc7 43. Rg7+ Kd6 44. Rg6+ Kc7 45. Bc6 Kb6 46. Rxg5 Rf8 47. Rg7 Rf4+ 48. Kc3 Ne4+ 49. Kd4 Nc5+ 50. Ke3 Rf1 51. g4 Re1+ 52. Kf3 Nd3 53. Rb7+ Kc5 54. Rb8 Rg1 55. Re8 Kd4 56. Rd8+ Kc4 57. Re8 Kd4 58. Re4+ Kc5 59. Ke2 Rg3 60. Re3 Nc1+ 61. Kd2 Nb3+ 62. Kd3 Rxg4 63. Re5+ 1/2-1/2

[Event "Condom op 12th"]
[Site "Condom"]
[Date "2013.07.19"]
[Round "8"]
[White "Iglesias, Yosha"]
[Black "Iwanesko, Alexandre"]
[Result "1-0"]
[WhiteElo "2248"]
[BlackElo "2230"]
[PlyCount "49"]
[EventDate "2013.07.13"]
[EventType "swiss"]
[EventRounds "9"]
[EventCountry "FRA"]
[SourceTitle "CBM 155 Extra"]
[Source "ChessBase"]
[SourceDate "2013.08.26"]
[SourceVersion "1"]
[SourceVersionDate "2013.08.26"]
[SourceQuality "1"]

1. d4 Nf6 2. Nf3 c5 3. e3 g6 4. dxc5 Qa5+ 5. Nbd2 Qxc5 6. a3 Qc7 7. b4 Bg7 8. Bb2 0-0 9. Be2 b6 10. 0-0 Bb7 11. c4 d6 12. Rc1 Nbd7 13. Rc2 Rac8 14. Qa1 Qb8 15. Nd4 Ne4 16. Nc6 Bxc6 17. Bxg7 Rfd8 18. Bh6 e5 19. f4 Nxd2 20. Rxd2 Nf8 21. Qe1 d5 22. Qh4 dxc4 23. Qf6 Ne6 24. f5 Rxd2 25. fxe6 1-0

[Event "Condom op 12th"]
[Site "Condom"]
[Date "2013.07.16"]
[Round "5"]
[White "Iwanesko, Alexandre"]
[Black "Mladenov, Plamen"]
[Result "1-0"]
[WhiteElo "2230"]
[BlackElo "2405"]
[PlyCount "59"]
[EventDate "2013.07.13"]
[EventType "swiss"]
[EventRounds "9"]
[EventCountry "FRA"]
[SourceTitle "CBM 155 Extra"]
[Source "ChessBase"]
[SourceDate "2013.08.26"]
[SourceVersion "1"]
[SourceVersionDate "2013.08.26"]
[SourceQuality "1"]

1. e4 e5 2. Nf3 Nc6 3. d4 exd4 4. Nxd4 Bc5 5. Nxc6 Qf6 6. Qf3 Qxf3 7. gxf3 dxc6 8. Be3 Bd6 9. Nd2 Be6 10. Bc4 Ne7 11. 0-0-0 Bh3 12. f4 Ng6 13. e5 Bb4 14. c3 Ba5 15. Rhg1 Bb6 16. Nf3 0-0 17. Rg5 Ne7 18. Rdg1 g6 19. Nh4 Be6 20. Bd3 Nd5 21. f5 Nxe3 22. fxe6 Nd5 23. Bxg6 fxg6 24. Nxg6 h6 25. Ne7+ Kh8 26. Rh5 Nf6 27. Ng6+ Kh7 28. Nxf8+ Rxf8 29. exf6 Rxf6 30. Re5 1-0

[Event "Condom op-A 11th"]
[Site "Condom"]
[Date "2012.07.20"]
[Round "8"]
[White "Marholev, Dimitar"]
[Black "Iwanesko, Alexandre"]
[Result "1-0"]
[WhiteElo "2356"]
[BlackElo "2213"]
[PlyCount "119"]
[EventDate "2012.07.14"]
[EventType "swiss"]
[EventRounds "9"]
[EventCountry "FRA"]
[SourceTitle "EXT 2013"]
[Source "ChessBase"]
[SourceDate "2012.11.22"]
[SourceVersion "1"]
[SourceVersionDate "2012.11.22"]
[SourceQuality "1"]

1. Nf3 Nf6 2. c4 g6 3. Nc3 Bg7 4. e4 d6 5. d4 0-0 6. h3 e5 7. dxe5 dxe5 8. Be3 Qe7 9. a3 c6 10. Qc2 Nbd7 11. b4 a5 12. Rb1 axb4 13. axb4 Ra3 14. Nd2 Nh5 15. c5 Nf4 16. Nc4 Ra8 17. Nd6 Ne6 18. Bc4 Nd4 19. Qd2 b5 20. Ba2 Kh8 21. 0-0 Ra3 22. Ne2 Nxe2+ 23. Qxe2 Nf6 24. Qb2 Ra4 25. Ra1 Nh5 26. Bb3 Rxb4 27. Qa3 Rxb3 28. Qxb3 Be6 29. Qd1 Nf4 30. Qf3 f5 31. Bxf4 exf4 32. Rae1 fxe4 33. Qxe4 Rf6 34. Qxc6 f3 35. Qe8+ Qxe8 36. Nxe8 fxg2 37. Kxg2 Bd5+ 38. f3 Rc6 39. Nd6 Bf6 40. Ne4 Bc4 41. Rh1 Bd4 42. Rd1 Bxc5 43. Rd8+ Kg7 44. Rhd1 Be7 45. R1d7 Kf7 46. Rb7 h6 47. Rdd7 Re6 48. Nd6+ Kf6 49. Nxc4 bxc4 50. Rdc7 Bd6 51. Rxc4 h5 52. Re4 Ba3 53. Rxe6+ Kxe6 54. f4 Bc1 55. Kf3 g5 56. Rb6+ Kf7 57. f5 Ba3 58. Rh6 h4 59. Kg4 Bc1 60. Rg6 1-0

[Event "Condom op-A 11th"]
[Site "Condom"]
[Date "2012.07.17"]
[Round "5"]
[White "Iwanesko, Alexandre"]
[Black "Bujisho, Benjamin"]
[Result "0-1"]
[WhiteElo "2213"]
[BlackElo "2391"]
[PlyCount "54"]
[EventDate "2012.07.14"]
[EventType "swiss"]
[EventRounds "9"]
[EventCountry "FRA"]
[SourceTitle "EXT 2013"]
[Source "ChessBase"]
[SourceDate "2012.11.22"]
[SourceVersion "1"]
[SourceVersionDate "2012.11.22"]
[SourceQuality "1"]

1. e4 e5 2. Nf3 Nc6 3. Bb5 a6 4. Ba4 Nf6 5. Qe2 b5 6. Bb3 Be7 7. 0-0 0-0 8. c3 d5 9. d3 Bb7 10. Rd1 Re8 11. Nbd2 Bf8 12. Nf1 Na5 13. Bc2 c5 14. Ng3 g6 15. h3 d4 16. Nh2 Bc8 17. f4 exf4 18. Bxf4 Nd5 19. Bd2 dxc3 20. bxc3 Bg7 21. Qf3 Nxc3 22. Rf1 Ra7 23. Ng4 Bxg4 24. hxg4 Nc6 25. g5 Nd4 26. Qg4 Nxc2 27. Rf6 Qxd3 0-1

[Event "FRA-ch U20"]
[Site "Nimes"]
[Date "2012.04.19"]
[Round "7"]
[White "Iwanesko, Alexandre"]
[Black "Graca, Robert"]
[Result "1/2-1/2"]
[WhiteElo "2215"]
[BlackElo "2246"]
[PlyCount "72"]
[EventDate "2012.04.14"]
[EventType "swiss"]
[EventRounds "9"]
[EventCountry "FRA"]
[SourceTitle "CBM 148 Extra"]
[Source "ChessBase"]
[SourceDate "2012.06.22"]
[SourceVersion "1"]
[SourceVersionDate "2012.06.22"]
[SourceQuality "1"]

1. e4 c5 2. Nf3 d6 3. d4 cxd4 4. Qxd4 Nc6 5. Bb5 Bd7 6. Bxc6 Bxc6 7. Nc3 Nf6 8. Bg5 e6 9. Qd3 Qa5 10. Bxf6 gxf6 11. Nd4 h5 12. 0-0-0 Rg8 13. g3 h4 14. f4 Bd7 15. Kb1 a6 16. Rhe1 hxg3 17. hxg3 0-0-0 18. f5 Kb8 19. Nce2 Rc8 20. Nf4 exf5 21. Qb3 Bh6 22. Qxf7 Bxf4 23. gxf4 Be8 24. Qxf6 fxe4 25. Nb3 Qc7 26. Rxd6 Rf8 27. Qd4 Rxf4 28. Rd5 e3 29. Qd3 Rf2 30. a3 Qg3 31. Nd4 Rd2 32. Qf1 Qf2 33. Qh1 Qf7 34. Nc6+ Bxc6 35. Rxd2 exd2 36. Qh2+ Qc7 1/2-1/2

[Event "FRA-ch Accession"]
[Site "Caen"]
[Date "2011.08.24"]
[Round "8"]
[White "Godard, Maxence"]
[Black "Iwanesko, Alexandre"]
[Result "1-0"]
[WhiteElo "2352"]
[BlackElo "2217"]
[PlyCount "49"]
[EventDate "2011.08.16"]
[EventType "swiss"]
[EventRounds "11"]
[EventCountry "FRA"]
[SourceTitle "CBM 144 Extra"]
[Source "ChessBase"]
[SourceDate "2011.10.28"]
[SourceVersion "1"]
[SourceVersionDate "2011.10.28"]
[SourceQuality "1"]

1. d4 Nf6 2. c4 c5 3. d5 b5 4. cxb5 a6 5. bxa6 g6 6. Nc3 Bxa6 7. g3 d6 8. Bg2 Nbd7 9. Nf3 Bg7 10. 0-0 Nb6 11. Rb1 0-0 12. Ne1 Ra7 13. Nc2 e6 14. dxe6 fxe6 15. b4 Nbd5 16. Bd2 Nxb4 17. Nxb4 cxb4 18. Rxb4 d5 19. a4 Raf7 20. Bh3 Bc8 21. Nb5 Ne4 22. Be3 Qa5 23. Qb3 Qd8 24. Bg2 Nf6 25. Bc5 1-0

[Event "Saint Affrique op 19th"]
[Site "Saint Affrique"]
[Date "2011.07.30"]
[Round "9"]
[White "Milliet, Sophie"]
[Black "Iwanesko, Alexandre"]
[Result "1-0"]
[WhiteElo "2355"]
[BlackElo "2217"]
[PlyCount "73"]
[EventDate "2011.07.23"]
[EventType "swiss"]
[EventRounds "9"]
[EventCountry "FRA"]
[SourceTitle "CBM 143 Extra"]
[Source "ChessBase"]
[SourceDate "2011.08.29"]
[SourceVersion "1"]
[SourceVersionDate "2011.08.29"]
[SourceQuality "1"]

1. e4 d6 2. d4 g6 3. Nc3 c6 4. Nf3 Bg7 5. Be3 b5 6. Bd3 b4 7. Ne2 Bb7 8. Ng3 Nd7 9. 0-0 Ngf6 10. Qd2 a5 11. a3 0-0 12. axb4 axb4 13. Qxb4 Qc8 14. Rxa8 Qxa8 15. Qa3 Qc8 16. Ra1 h6 17. h3 c5 18. c3 d5 19. e5 Ne4 20. Bb5 Nxg3 21. fxg3 cxd4 22. cxd4 Nb6 23. Qxe7 Nc4 24. Bc1 Bc6 25. Qc5 Bxb5 26. Qxb5 Qc7 27. Qxd5 Rd8 28. Qe4 Nb6 29. Bd2 Qc4 30. Ra7 Qe6 31. Ra6 Qb3 32. Ba5 Rc8 33. Rxb6 Rc1+ 34. Kh2 Qd1 35. Be1 Rc2 36. e6 f5 37. e7 1-0

[Event "FRA-chT2 0910"]
[Site "France"]
[Date "2009.12.13"]
[Round "6.2"]
[White "Iwanesko, Alexandre"]
[Black "Collas, Didier"]
[Result "1/2-1/2"]
[WhiteElo "2195"]
[BlackElo "2441"]
[PlyCount "26"]
[EventDate "2009.09.27"]
[EventType "team-tourn"]
[EventRounds "11"]
[EventCountry "FRA"]
[SourceTitle "EXT 2011"]
[Source "ChessBase"]
[SourceDate "2010.11.26"]
[SourceVersion "1"]
[SourceVersionDate "2010.11.26"]
[SourceQuality "1"]

1. e4 c6 2. d4 d5 3. exd5 cxd5 4. c4 Nf6 5. Nc3 g6 6. Nf3 Bg7 7. Be2 0-0 8. 0-0 Nc6 9. h3 Be6 10. c5 Ne4 11. Bf4 Nxc3 12. bxc3 Qa5 13. Qb3 Rfc8 1/2-1/2

[Event "FRA-chT2 0910"]
[Site "France"]
[Date "2009.12.12"]
[Round "5.4"]
[White "Gaubil, Olivier"]
[Black "Iwanesko, Alexandre"]
[Result "1/2-1/2"]
[WhiteElo "2102"]
[BlackElo "2195"]
[PlyCount "110"]
[EventDate "2009.09.27"]
[EventType "team-tourn"]
[EventRounds "11"]
[EventCountry "FRA"]
[SourceTitle "EXT 2011"]
[Source "ChessBase"]
[SourceDate "2010.11.26"]
[SourceVersion "1"]
[SourceVersionDate "2010.11.26"]
[SourceQuality "1"]

1. Nf3 Nf6 2. d4 c5 3. c3 g6 4. Nbd2 Bg7 5. dxc5 Na6 6. Nb3 0-0 7. Be3 b6 8. c6 dxc6 9. Qxd8 Rxd8 10. Bd4 c5 11. Be5 Bb7 12. e3 Nb8 13. Bc4 Nc6 14. Bg3 Ne4 15. Ke2 Nxg3+ 16. hxg3 Ne5 17. Nxe5 Bxe5 18. f3 Bc6 19. Kf2 Rd7 20. Rad1 Rad8 21. Be2 a5 22. Rxd7 Rxd7 23. Rd1 Ra7 24. f4 Bf6 25. Rd8+ Kg7 26. Rb8 Rb7 27. Rxb7 Bxb7 28. Nd2 a4 29. a3 Bc6 30. Nc4 b5 31. Na5 Be8 32. e4 e5 33. Nb7 exf4 34. gxf4 Be7 35. e5 b4 36. Nd6 bxa3 37. bxa3 Bc6 38. Bb5 Bxb5 39. Nxb5 c4 40. Ke3 f6 41. Kd4 fxe5+ 42. fxe5 h5 43. Kxc4 g5 44. Kd5 h4 45. Nd6 g4 46. Ke4 Bg5 47. Nc4 Kf7 48. Nb2 Bc1 49. Nxa4 Bxa3 50. Nb6 Bb2 51. Nd5 h3 52. gxh3 gxh3 53. Kf3 h2 54. Kg2 Bxc3 55. Kxh2 Bxe5+ 1/2-1/2

[Event "Corsica Masters op 13th"]
[Site "Bastia"]
[Date "2009.10.26"]
[Round "2"]
[White "Sokolov, Ivan"]
[Black "Iwanesko, Alexandre"]
[Result "1-0"]
[WhiteElo "2657"]
[BlackElo "2191"]
[PlyCount "83"]
[EventDate "2009.10.25"]
[EventType "swiss"]
[EventRounds "9"]
[EventCountry "FRA"]
[SourceTitle "EXT 2010"]
[Source "ChessBase"]
[SourceDate "2010.11.25"]
[SourceVersion "1"]
[SourceVersionDate "2010.11.25"]
[SourceQuality "1"]

1. d4 Nf6 2. c4 c5 3. d5 b5 4. Nf3 g6 5. cxb5 a6 6. b6 d6 7. Nc3 Nbd7 8. e4 Bg7 9. h3 0-0 10. Be2 Qxb6 11. 0-0 Ne8 12. a4 Nc7 13. Nd2 Rb8 14. Ra3 Qa7 15. Qc2 f5 16. exf5 gxf5 17. Nc4 Ne5 18. Bg5 Ne8 19. f4 Nxc4 20. Bxc4 Nf6 21. b3 Kh8 22. Qd3 Bb7 23. Re1 Rbe8 24. Ra2 Bc8 25. Rae2 Rf7 26. Kh2 Rg8 27. Re3 Bf8 28. Qe2 Qa8 29. Qc2 Bb7 30. Qxf5 h6 31. Rxe7 Bxe7 32. Rxe7 Ng4+ 33. Qxg4 Rxe7 34. Bf6+ Rgg7 35. Qh4 Qf8 36. f5 Kg8 37. Bxg7 Rxg7 38. Qf4 Bc8 39. f6 Rg5 40. Ne4 Re5 41. f7+ Kh8 42. Nxd6 1-0

[Event "Saint Affrique op 17th"]
[Site "Saint Affrique"]
[Date "2009.07.21"]
[Round "5"]
[White "Lagarde, Maxime"]
[Black "Iwanesko, Alexandre"]
[Result "1-0"]
[WhiteElo "2352"]
[BlackElo "2101"]
[PlyCount "83"]
[EventDate "2009.07.18"]
[EventType "swiss"]
[EventRounds "9"]
[EventCountry "FRA"]
[SourceTitle "EXT 2010"]
[Source "ChessBase"]
[SourceDate "2010.11.25"]
[SourceVersion "1"]
[SourceVersionDate "2010.11.25"]
[SourceQuality "1"]

1. e4 c5 2. Nf3 e6 3. d4 cxd4 4. Nxd4 a6 5. Bd3 Bc5 6. Nb3 Be7 7. Nc3 d6 8. Qe2 Qc7 9. Be3 Nf6 10. f4 Nc6 11. 0-0 b5 12. a4 b4 13. Nb1 Bb7 14. N1d2 a5 15. Kh1 0-0 16. Qf3 Ba6 17. g4 Bb7 18. g5 Nd7 19. Qh3 Rfe8 20. Kg1 Bf8 21. Qh4 g6 22. Rf3 Bg7 23. Raf1 f5 24. gxf6 Bxf6 25. Qh3 Bxb2 26. Rg3 Nf8 27. Nc4 Bg7 28. f5 exf5 29. exf5 gxf5 30. Rxf5 Ng6 31. Rfg5 Rxe3 32. Nxe3 Nce5 33. Qe6+ Kh8 34. Rh5 Rf8 35. Bxg6 h6 36. Be4 Bxe4 37. Rxh6+ Bh7 38. Rxh7+ Kxh7 39. Rh3+ Bh6 40. Qxh6+ Kg8 41. Qh8+ Kf7 42. Qh7+ 1-0

[Event "Ouest Toulousain op-A 4th"]
[Site "Tournefeuille"]
[Date "2009.02.17"]
[Round "2"]
[White "Iwanesko, Alexandre"]
[Black "Fedorchuk, Sergey A"]
[Result "0-1"]
[WhiteElo "2087"]
[BlackElo "2633"]
[PlyCount "46"]
[EventDate "2009.02.16"]
[EventType "swiss"]
[EventRounds "9"]
[EventCountry "FRA"]
[SourceTitle "CBM 128 Extra"]
[Source "ChessBase"]
[SourceDate "2009.03.05"]
[SourceVersion "2"]
[SourceVersionDate "2009.03.25"]
[SourceQuality "1"]

1. e4 c5 2. Nf3 e6 3. d4 cxd4 4. Nxd4 a6 5. f4 b5 6. Bd3 Bb7 7. Be3 Nf6 8. Nd2 d6 9. Qf3 Nbd7 10. 0-0 g6 11. h3 Bg7 12. Kh1 0-0 13. Rae1 Qc7 14. Bg1 Rae8 15. Qg3 Nh5 16. Qf2 Bxd4 17. Qxd4 Ng3+ 18. Kh2 Nxf1+ 19. Bxf1 e5 20. Qe3 Qxc2 21. f5 gxf5 22. Bd3 f4 23. Qf2 Qc8 0-1

[Event "Saint Affrique op 16th"]
[Site "Saint Affrique"]
[Date "2008.07.23"]
[Round "6"]
[White "Iwanesko, Alexandre"]
[Black "Claisse, Patrick"]
[Result "0-1"]
[WhiteElo "2062"]
[BlackElo "1934"]
[PlyCount "96"]
[EventDate "2008.07.19"]
[EventType "swiss"]
[EventRounds "9"]
[EventCountry "FRA"]
[SourceTitle "CBM 125 Extra"]
[Source "ChessBase"]
[SourceDate "2008.09.01"]
[SourceVersion "1"]
[SourceVersionDate "2008.09.01"]
[SourceQuality "1"]

1. e4 c5 2. Nf3 d6 3. d4 cxd4 4. Nxd4 Nf6 5. Nc3 Nc6 6. Bg5 e6 7. Qd2 Be7 8. 0-0-0 d5 9. exd5 Nxd5 10. Nxc6 bxc6 11. Bxe7 Qxe7 12. Bd3 0-0 13. Rhe1 Rb8 14. Nxd5 cxd5 15. f4 Qd6 16. Re5 f6 17. Rh5 g6 18. Rh4 Ba6 19. Qe2 Bxd3 20. Rxd3 Rb6 21. Rdh3 Rf7 22. Qd3 f5 23. c3 Rfb7 24. b4 d4 25. a3 a5 26. Qxd4 Qxd4 27. cxd4 axb4 28. axb4 Rxb4 29. Rc3 Rxd4 30. g3 h5 31. Rh3 Rbb4 32. g4 fxg4 33. Rc8+ Kg7 34. Rhc3 Rxf4 35. R3c7+ Rf7 36. Rc6 Re4 37. Kd2 Rd7+ 38. Kc3 Re1 39. Kc2 Re7 40. Ra8 Re2+ 41. Kd3 Rxh2 42. Ke4 Rf7 43. Rcc8 g3 44. Rh8 Re2+ 45. Kd3 Re1 46. Rag8+ Kf6 47. Rh6 Rg7 48. Rf8+ Kg5 0-1

[Event "FRA-chT2 South 0708"]
[Site "France"]
[Date "2008.02.10"]
[Round "7.7"]
[White "Vignette, Jeanne"]
[Black "Iwanesko, Alexandre"]
[Result "0-1"]
[WhiteElo "1540"]
[BlackElo "2010"]
[PlyCount "82"]
[EventDate "2007.10.21"]
[EventType "team"]
[EventRounds "11"]
[EventCountry "FRA"]
[SourceTitle "EXT 2009"]
[Source "ChessBase"]
[SourceDate "2008.11.26"]
[SourceVersion "1"]
[SourceVersionDate "2008.11.26"]
[SourceQuality "1"]
[WhiteTeam "Saint Affrique"]
[BlackTeam "Ramonville"]
[WhiteTeamCountry "FRA"]
[BlackTeamCountry "FRA"]

1. e4 c5 2. Nf3 e6 3. d4 cxd4 4. Nxd4 a6 5. Nc3 b5 6. a3 Bb7 7. g3 Nf6 8. Bg2 Qc7 9. 0-0 d6 10. Re1 Nbd7 11. Nf3 Be7 12. Qd3 0-0 13. Bg5 h6 14. Bxf6 Nxf6 15. e5 dxe5 16. Nxe5 Rfd8 17. Qe2 Bxg2 18. Kxg2 Bd6 19. Nf3 Rd7 20. Rad1 Rad8 21. Rd3 Bc5 22. Ne5 Rxd3 23. cxd3 Bxa3 24. Nxb5 Qb7+ 25. f3 Bxb2 26. Qxb2 axb5 27. Rb1 Rb8 28. Nc4 Qd5 29. Qc2 Rc8 30. Rb4 bxc4 31. dxc4 Qc5 32. Qc3 Nd5 33. Qd3 Nxb4 34. Qe4 Qxc4 35. Qxc4 Rxc4 36. Kf2 Rc2+ 37. Kg1 Kf8 38. h4 Ke7 39. Kf1 Kd6 40. Ke1 Kd5 41. f4 Ke4 0-1